Online katalóg knižníc regiónu Turca

Striptíz duší (Record no. 22215)

MARC details
000 -LEADER
fixed length control field 01716nam a2200553 a 4500
001 - CONTROL NUMBER
control field 22215
003 - CONTROL NUMBER IDENTIFIER
control field VRT
005 - DATE AND TIME OF LATEST TRANSACTION
control field 20260323134039.0
008 - FIXED-LENGTH DATA ELEMENTS--GENERAL INFORMATION
fixed length control field 240314s2013 xo g 000 f slo
015 ## - NATIONAL BIBLIOGRAPHY NUMBER
National bibliography number SNBA2013/11
020 ## - INTERNATIONAL STANDARD BOOK NUMBER
International Standard Book Number 9788055135649
Qualifying information (brož.)
035 ## - SYSTEM CONTROL NUMBER
System control number 391590EE-965B-4A12-8CFC-5EB63AF2C035
035 ## - SYSTEM CONTROL NUMBER
System control number urn:nbn:sk:snk-amjnyy
035 ## - SYSTEM CONTROL NUMBER
System control number urn:nbn:sk:snk-am002f8b
039 #9 - LEVEL OF BIBLIOGRAPHIC CONTROL AND CODING DETAIL [OBSOLETE]
Level of rules in bibliographic description 202403140852
Level of effort used to assign nonsubject heading access points VLOAD
Level of effort used to assign subject headings 201701261407
Level of effort used to assign classification mbpksh02
Level of effort used to assign subject headings 201701130854
Level of effort used to assign classification mbjkdg02
Level of effort used to assign subject headings 201604301051
Level of effort used to assign classification VLOAD
040 ## - CATALOGING SOURCE
Original cataloging agency SVKBB
Language of cataloging slo
Transcribing agency SVKBB
Modifying agency SNK
Description conventions AACR2
041 0# - LANGUAGE CODE
Language code of text/sound track or separate title slo
044 ## - COUNTRY OF PUBLISHING/PRODUCING ENTITY CODE
MARC country code xo
ISO country code SK
072 #7 - SUBJECT CATEGORY CODE
Subject category code 821.162.4-3
Subject category code subdivision Slovenská próza
Source konspekt
080 ## - UNIVERSAL DECIMAL CLASSIFICATION NUMBER
Universal Decimal Classification number 821.162.4-31
Edition identifier 2001
100 1# - MAIN ENTRY--PERSONAL NAME
Personal name Macháčová, Adriana,
Dates associated with a name 1966-
Relationship aut
245 10 - TITLE STATEMENT
Title Striptíz duší
Statement of responsibility, etc. Adriana Macháčová
250 ## - EDITION STATEMENT
Edition statement 1. vyd.
260 ## - PUBLICATION, DISTRIBUTION, ETC.
Place of publication, distribution, etc. Bratislava
Name of publisher, distributor, etc. Ikar
Date of publication, distribution, etc. 2013
300 ## - PHYSICAL DESCRIPTION
Extent 244 s.
Dimensions 17 cm
490 1# - SERIES STATEMENT
Series statement Príbehy z kabelky
655 #7 - INDEX TERM--GENRE/FORM
Genre/form data or focus term slovenské romány
Source of term SNKPH
655 #7 - INDEX TERM--GENRE/FORM
Genre/form data or focus term Slovak fiction
Source of term SNKPHeng
830 #0 - SERIES ADDED ENTRY--UNIFORM TITLE
Uniform title Príbehy z kabelky
910 ## - USER-OPTION DATA (OCLC)
User-option data svkbb
910 ## - USER-OPTION DATA (OCLC)
User-option data ttkjf
910 ## - USER-OPTION DATA (OCLC)
User-option data pokpoh
910 ## - USER-OPTION DATA (OCLC)
User-option data sllk
910 ## - USER-OPTION DATA (OCLC)
User-option data snk
910 ## - USER-OPTION DATA (OCLC)
User-option data pppk
910 ## - USER-OPTION DATA (OCLC)
User-option data hevk
910 ## - USER-OPTION DATA (OCLC)
User-option data vthk
910 ## - USER-OPTION DATA (OCLC)
User-option data skpk
910 ## - USER-OPTION DATA (OCLC)
User-option data bjkdg
910 ## - USER-OPTION DATA (OCLC)
User-option data bpksh
942 ## - ADDED ENTRY ELEMENTS (KOHA)
Source of classification or shelving scheme Dewey Decimal Classification
Koha item type Krásna literatúra pre dospelých
Suppress in OPAC No
949 ## - LOCAL PROCESSING INFORMATION (OCLC)
6 273K0576582
a svkpoA 222215
b svkpo575610
949 ## - LOCAL PROCESSING INFORMATION (OCLC)
6 17A1091230
a snkSD 82554
b snk2013/25076
o 2327/13
949 ## - LOCAL PROCESSING INFORMATION (OCLC)
6 17A1091231
a snkSD 82554 D1
b snk2013/25077
o 2327/13
s 6100:20140925
949 ## - LOCAL PROCESSING INFORMATION (OCLC)
6 270001000433612
a svkbbA 139545
b svkbbm 739282
949 ## - LOCAL PROCESSING INFORMATION (OCLC)
6 3869A18405
a bpksh821.162.4-31
b bpksh69019
949 ## - LOCAL PROCESSING INFORMATION (OCLC)
6 3869A14049
a bpksh821.162.4-31
b bpksh70097
Holdings
Stav vyradenia Strata Poškodenie Spôsob nadobudnutia Domovská knižnica Aktuálna knižnica Dátum nadobudnutia Cena Total checkouts Čiarový kód exemplára Date last seen Typ exemplára
      Kúpa Obecná knižnica Horná Štubňa Obecná knižnica Horná Štubňa 23.03.2026 1.50   9788055135649 23.03.2026 Krásna literatúra pre dospelých
Projekt je podporený Slovenskou asociáciou knižníc
Prevádzkuje Turčianska knižnica Martin 2026